Les Artistes décédés qui vendent le plus - Statistiques

Statistiques générales
  • Ce quiz a été pris 90 fois
  • Le résultat moyen est 6 sur 10
Statistiques - réponses
Chanson Chanteur % Correct
« Thriller » Michael Jackson
85%
« Bohemian Rapsody » Freddy Mercury
83%
« No Woman No Cry » Bob Marley
74%
« Imagine » John Lennon
73%
« Purple Rain » Prince
67%
« I Will Always Love You » Whitney Houston
63%
« Rehab » Amy Winehouse
60%
« Smells Like Teen Spirit » Kurt Cobain
59%
« Space Oddity » David Bowie
42%
« Can’t Help Falling In Love » Elvis Presley
42%
Aucun quiz correspondant
Distribution des résultats
% des personnes avec chaque résultat
Percentile par nombre de réponses
Votre historique - résultats
Vous n’avez pas pris ce quiz